01627nam a2200361 a 4500001001200000003000800012006001900020007001500039008004100054010001700095020003800112020003500150040002100185035002100206043001200227050002300239082002200262245015000284260010600434300002300540504006200563533015200625650006800777650006500845650006800910650005800978650001801036655002901054700002001083710001701103856012601120999001901246ebr10231496CaPaEBRm u cr cn|||||||||080221s2008 dcua sb 001 0 eng  z 2008007999 z9780881324204 (pbk. : alk. paper) z0881324205 (pbk. : alk. paper) aCaPaEBRcCaPaEBR a(OCoLC)471126182 an-us---14aQC983b.L48 2008eb04a363.738/7452622200aLeveling the carbon playing fieldh[electronic resource] :binternational competition and US climate policy design /cTrevor Houser ... [et al.]. aWashington, DC :bPeterson Institute for International Economics :bWorld Resources Institute,c2008. axxi, 95 p. :bill. aIncludes bibliographical references (p. 79-81) and index. aElectronic reproduction.bPalo Alto, Calif. :cebrary,d2013.nAvailable via World Wide Web.nAccess may be limited to ebrary affiliated libraries. 0aClimatic changesxGovernment policyzUnited StatesxEvaluation. 0aGreenhouse gas mitigationxGovernment policyzUnited States. 0aClimatic changesxGovernment policyxInternational cooperation. 0aGreenhouse gas mitigationxInternational cooperation. 0aCarbon taxes. 7aElectronic books.2local1 aHouser, Trevor.2 aebrary, Inc.40uhttp://site.ebrary.com/lib/rucke/Doc?id=10231496zAn electronic book accessible through the World Wide Web; click to view c153970d153970